| Поле | Инд. | ПП | Название | Значение |
|---|---|---|---|---|
| Тип записи | a | |||
| Библиографический уровень | m | |||
| 001 | Контрольный номер | 9e64e412-7ae2-4c1a-9e9d-db2a0fb38149 | ||
| 005 | Дата корректировки | 20140703141136.7 | ||
| 008 | Кодируемые данные | 050914 | ||
| 020 | a | ISBN | 5-17-020655-0 (АСТ) | |
| a | ISBN | 5-271-07480-3 ( Астрель) | ||
| c | Цена, тираж | 38.00 | ||
| 040 | a | Служба первич. каталог. | НБ ТвГУ | |
| 041 | a | Код языка текста | rus | |
| 080 | a | Индекс УДК | 371.136(470) | |
| 084 | a | Индекс другой классификации/Индекс ББК | Ч30п2 | |
| 090 | x | Авторский знак | А92 | |
| a | Полочн. индекс | Ч30п2 | ||
| 245 | 10 | a | Заглавие | Аттестация педагогических кадров |
| b | Продолж. заглавия | [положение об аттестации, разъяснения и рекомендации Минобразования и Минтруда России, тариф.-квалификац. характеристики пед. работников, повышение квалификации | ||
| c | Ответственность | сост. Е. М. Шибанова] | ||
| 260 | 0_ | a | Место издания | Москва |
| b | Издательство | АСТ | ||
| b | Издательство | Астрель | ||
| c | Дата издания | 2003 | ||
| 300 | a | Объем | 222, [1] | |
| b | Иллюстрации/ тип воспроизводства | табл. | ||
| 440 | a | Серия | Образование в документах и комментариях | |
| 504 | a | Библиография | Библиогр.: с. 170-173. | |
| 583 | a | Действие | Получение впервые 264 14.09.2005 | |
| k | Исполнитель действия | ООО "Кроун" | ||
| 650 | a | Основная рубрика | Образование | |
| z | Географическая подрубрика | Российская Федерация | ||
| 650 | a | Основная рубрика | Кадры педагогические | |
| x | Основная подрубрика | Аттестация | ||
| 653 | a | Ключевые слова | Образование в России | |
| a | Ключевые слова | Педагогические кадры | ||
| a | Ключевые слова | Аттестация педагогических кадров | ||
| 700 | 1_ | a | Другие авторы | Шибанова Елена Михайловна |
| e | Роль лиц | сост. | ||
| 852 | t | Порядковый номер экземпляра | 5 | |
| p | Инвентарный номер | 818437 | ||
| p | Инвентарный номер | 818438 | ||
| p | Инвентарный номер | 818439 | ||
| p | Инвентарный номер | 818440 | ||
| p | Инвентарный номер | 818441 | ||
| 888 | a | За счет средств университета | ||
| 952 | p | 264.2005 38.00 1 818437 | ||
| p | 264.2005 38.00 1 818438 | |||
| p | 264.2005 38.00 1 818439 | |||
| p | 264.2005 38.00 1 818440 | |||
| p | 264.2005 38.00 1 818441 | |||
| c | Вид литературы | К рн | ||
| 954 | a | Дата поступления на обработку | 20051208 | |
| 999 | a | Подразделение 2 | Фил2 |